In those days. (Record no. 14128)

000 -LEADER
fixed length control field 00593nam a2200193 a 4500
001 - CONTROL NUMBER
control field :::00011952$&:&@@
003 - CONTROL NUMBER IDENTIFIER
control field OkBaRHE
005 - DATE AND TIME OF LATEST TRANSACTION
control field 20000607103414.0
008 - FIXED-LENGTH DATA ELEMENTS--GENERAL INFORMATION
fixed length control field s1962 j 000 0 eng u
040 ## - CATALOGING SOURCE
Transcribing agency
100 1# - MAIN ENTRY--PERSONAL NAME
Personal name Nickel, John Thomas, 1928-
245 10 - TITLE STATEMENT
Title In those days.
260 ## - PUBLICATION, DISTRIBUTION, ETC. (IMPRINT)
Place of publication, distribution, etc Monterey Park, CA., :
Name of publisher, distributor, etc Great Commission International
Date of publication, distribution, etc c1962
300 ## - PHYSICAL DESCRIPTION
Extent 72 p. ;
Dimensions 19 cm.
650 ## - SUBJECT ADDED ENTRY--TOPICAL TERM
Topical term or geographic name as entry element Holy Spirit Baptism
650 ## - SUBJECT ADDED ENTRY--TOPICAL TERM
Topical term or geographic name as entry element Pentecostalism
General subdivision History
942 ## - ADDED ENTRY ELEMENTS (KOHA)
Source of classification or shelving scheme
Koha item type Books
Copies
Full call number Koha item type Permanent Location Withdrawn status Copy number Shelving location Lost status Date last seen Price effective from Date acquired Not for loan Source of classification or shelving scheme Barcode Damaged status
BX 8762 .N52BooksRHEMA Bible Training College 1General Stacks 2010-04-142010-04-142010-04-14  11952